<?xml version="1.0" encoding="UTF-8"?><?xml-stylesheet type="text/xsl" href="static/style.xsl"?><OAI-PMH xmlns="http://www.openarchives.org/OAI/2.0/" xmlns:xsi="http://www.w3.org/2001/XMLSchema-instance" xsi:schemaLocation="http://www.openarchives.org/OAI/2.0/ http://www.openarchives.org/OAI/2.0/OAI-PMH.xsd"><responseDate>2026-04-28T22:57:11Z</responseDate><request verb="GetRecord" identifier="oai:repisalud.isciii.es:20.500.12105/18764" metadataPrefix="marc">https://repisalud.isciii.es/rest/oai/request</request><GetRecord><record><header><identifier>oai:repisalud.isciii.es:20.500.12105/18764</identifier><datestamp>2024-09-21T20:09:50Z</datestamp><setSpec>com_20.500.12105_15322</setSpec><setSpec>com_20.500.12105_2051</setSpec><setSpec>col_20.500.12105_16927</setSpec></header><metadata><record xmlns="http://www.loc.gov/MARC21/slim" xmlns:dcterms="http://purl.org/dc/terms/" xmlns:doc="http://www.lyncode.com/xoai" xmlns:xsi="http://www.w3.org/2001/XMLSchema-instance" xsi:schemaLocation="http://www.loc.gov/MARC21/slim http://www.loc.gov/standards/marcxml/schema/MARC21slim.xsd">
   <leader>00925njm 22002777a 4500</leader>
   <datafield ind2=" " ind1=" " tag="042">
      <subfield code="a">dc</subfield>
   </datafield>
   <datafield ind2=" " ind1=" " tag="720">
      <subfield code="a">Martín-de-Las-Heras, Stella</subfield>
      <subfield code="e">author</subfield>
   </datafield>
   <datafield ind2=" " ind1=" " tag="720">
      <subfield code="a">Khan, Khalid Saeed</subfield>
      <subfield code="e">author</subfield>
   </datafield>
   <datafield ind2=" " ind1=" " tag="720">
      <subfield code="a">Velasco, Casilda</subfield>
      <subfield code="e">author</subfield>
   </datafield>
   <datafield ind2=" " ind1=" " tag="720">
      <subfield code="a">Caño, Africa</subfield>
      <subfield code="e">author</subfield>
   </datafield>
   <datafield ind2=" " ind1=" " tag="720">
      <subfield code="a">Luna, Juan de Dios</subfield>
      <subfield code="e">author</subfield>
   </datafield>
   <datafield ind2=" " ind1=" " tag="720">
      <subfield code="a">Rubio, Leticia</subfield>
      <subfield code="e">author</subfield>
   </datafield>
   <datafield ind2=" " ind1=" " tag="260">
      <subfield code="c">2022-02-21</subfield>
   </datafield>
   <datafield ind2=" " ind1=" " tag="520">
      <subfield code="a">Psychological intimate partner violence (IPV), a global public health problem, affects mothers during pregnancy. We evaluated its relationship with preterm birth. We established a cohort of 779 consecutive mothers receiving antenatal care and giving birth in 15 public hospitals in Spain. Trained midwives collected IPV data using the Index of Spouse Abuse validated in the Spanish language. Preterm was defined as birth before 37 completed weeks of gestation. Gestational age was estimated by early ultrasound. With multivariate logistic regression we estimated the relative association of IPV with preterm birth as adjusted odds ratios (AOR), with 95% confidence intervals (CI). In propensity score analysis, using weighting by inverse probability of exposure to IPV, the whole sample was used for estimating the absolute difference in probability of preterm amongst offspring born to mothers with and without IPV. Socio-demographic and other pregnancy characteristics served as covariates in both analyses. Preterm occurred in 57 (7.3%) pregnancies. Psychological IPV, experienced by 151 (21%) mothers, was associated with preterm birth (11.9% vs 6.5%; AOR = 2.4; 95% CI = 1.1-5.0; p = 0.01). The absolute preterm difference in psychological IPV compared to normal was 0.08 (95% CI = 0.01-0.16; p = 0.04). The probability of preterm birth was 8% higher on average in women with psychological IPV during pregnancy. As our analysis controlled for selection bias, our findings give credence to a causal inference. Screening and management for psychological IPV during pregnancy is an important step in antenatal care to prevent preterm birth.</subfield>
   </datafield>
   <datafield ind1="8" ind2=" " tag="024">
      <subfield code="a">http://hdl.handle.net/10668/19590</subfield>
   </datafield>
   <datafield ind1="8" ind2=" " tag="024">
      <subfield code="a">http://hdl.handle.net/20.500.12105/18764</subfield>
   </datafield>
   <datafield ind1="8" ind2=" " tag="024">
      <subfield code="a">35190645</subfield>
   </datafield>
   <datafield ind1="8" ind2=" " tag="024">
      <subfield code="a">10.1038/s41598-022-06990-2</subfield>
   </datafield>
   <datafield ind1="8" ind2=" " tag="024">
      <subfield code="a">2045-2322</subfield>
   </datafield>
   <datafield ind1="8" ind2=" " tag="024">
      <subfield code="a">Scientific reports</subfield>
   </datafield>
   <datafield ind2="0" ind1="0" tag="245">
      <subfield code="a">Propensity score analysis of psychological intimate partner violence and preterm birth.</subfield>
   </datafield>
</record></metadata></record></GetRecord></OAI-PMH>